KOHA-Header-6

Modern Systems Analysis and Design (Record no. 6677)

000 -LEADER
fixed length control field 00273nam a2200109Ia 4500
100 ## - MAIN ENTRY--AUTHOR NAME
Personal name Hoffer, George
245 #0 - TITLE STATEMENT
Title Modern Systems Analysis and Design
260 ## - PUBLICATION, DISTRIBUTION, ETC. (IMPRINT)
Place of publication New York
Name of publisher Mc Graw Hill
Year of publication 1996
300 ## - PHYSICAL DESCRIPTION
Number of Pages 896
942 ## - ADDED ENTRY ELEMENTS (KOHA)
Koha item type Books
Holdings
Withdrawn status Lost status Collection code Permanent Location Current Location Shelving location Date acquired Full call number Accession Number Koha item type
    Computer Science MAJU MAJU   2019-09-11 005.12 74 Computer Science

Powered by Koha